00310nam a2200121Ia 4500008004100000041001200041082001600053100001500069245004800084260002800132300000900160650001900169221030s9999 xx 000 0 und d aEnglish a105.23bBal aN. P. Bali 0aGolden Differential Calculuscby N. P. Bali bLaxmi PubaNew Delhic0 a1079 aBE Mathematics